000 00771 a2200253 4500
005 20260309101214.0
008 260112b |||||||| |||| 00| 0 eng d
020 _a019948869X
037 _cTB
040 _aCRL
_cCRL
041 _2eng
_aeng
084 _aV2:51.N47 Q8
_qCRL
100 _aRoy, Haimanti
_9855821
245 _aPartition of India
260 _aNew Delhi, India:
_bOxford University Press,
_c2018.
300 _a180p.
365 _b325.00
_cINR
490 _aOxford India short introductions
650 _aHistory
650 _aIndia History
650 _aFreedom Fighter
942 _cTB
_2CC
_n0
_hV2:51.N47 Q8
999 _c1466169
_d1466169